000 00433nam a2200181Ia 4500
001 5058
005 20260306145840.0
008 260306t2008||||xx |||||||||||||| ||spa||
041 _aESP
082 _a332.678
_bF74 2008
100 _aFontaine, Ernesto R.
_eAUT
245 0 _aEvaluación social de proyectos
260 _c2008
300 _a620 pƔginas :
_c24 cm.
650 _aGEN
654 _aCAN
942 _cLIB
_dJUS
_fJUS
_2ddc
_n
999 _c5058
_d5058